000 00998nam a2200289 i 4500
003 EG-GICUC
005 20260426195635.0
008 260426m19011906fr ||||| |||| 00| 0 fre d
040 _aEG-GiCUC
_bfre
_cEG-GiCUC
_dEG-GiCUC
_eRda
043 _ae-fr---
082 0 4 _221
_a343
092 0 4 _221
099 _aLaw1 10 343 FR . C 1010103 C1
110 1 _aFrance.
_kLaws, statutes, etc.
245 1 0 _aCode pénal /
_cannoté par É. Garçon ... Avec la collaboration des rédacteurs du Recueil général des lois et des arrêts et du Journal du Palais.
264 _aParis,
_bL. Larose et L. Tenin,
_c1901-1906.
300 _a1380 pages ;
_c 24 cm
336 _2rda contenu
_a texte
337 _2rda medias
_aOrdinateur
338 _2 transporteur rda
_a Ressource en ligne
650 1 _aDroit pénal
_2qrmak
651 1 _2qrmak
700 1 _aGarc̜on, Emile,
_d1851-1922
_eÉditeur
856 4 0 _uhttps://fll.law.cu.edu.eg/fulltext/bks/B1010103.pdf
905 _a162
942 _2ddc
_cBK
_e21
_n0
999 _c73501
_d73501